| Tag |
First Indicator |
Second Indicator |
Subfields |
| LEADER |
00000cam a2200000 a 4500 |
| 001 |
in00000336552 |
| 005 |
20151011051820.0 |
| 008 |
791231s1979 enka 00110 eng d |
| 020 |
|
|
|a 0714180149
|
| 020 |
|
|
|a 0714180157 (paper)
|
| 035 |
|
|
|a (OCoLC)05836038
|
| 035 |
|
|
|9 ABL0872AM
|
| 040 |
|
|
|a AGL
|c AGL
|d UMK
|d OCL
|d TXA
|d UtOrBLW
|
| 043 |
|
|
|a e-uk---
|
| 049 |
|
|
|a TXAM
|c [1656871]
|
| 072 |
|
0 |
|a 0505
|
| 090 |
|
|
|a GN780.22 G7
|b R5 1979
|
| 100 |
1 |
|
|a Reynolds, Peter J.
|q (Peter John),
|d 1939-
|
| 245 |
1 |
0 |
|a Iron-age farm :
|b The Butser experiment /
|c Peter J. Reynolds.
|
| 264 |
|
1 |
|a London :
|b British Museum Publications Ltd.,
|c [1979]
|
| 264 |
|
4 |
|c ©1979
|
| 300 |
|
|
|a 112 pages :
|b illustrations ;
|c 24 cm.
|
| 336 |
|
|
|a text
|b txt
|2 rdacontent
|
| 337 |
|
|
|a unmediated
|b n
|2 rdamedia
|
| 338 |
|
|
|a volume
|b nc
|2 rdacarrier
|
| 500 |
|
|
|a "A Colonnade book."
|
| 500 |
|
|
|a Includes index.
|
| 650 |
|
0 |
|a Iron age
|z Great Britain.
|
| 650 |
|
0 |
|a Agriculture
|x History.
|
| 650 |
|
0 |
|a Farm life
|z Great Britain
|x History.
|
| 999 |
|
|
|a MARS
|
| 999 |
f |
f |
|s 7307b3b5-39b0-346c-8f1f-fe10e80c0d0d
|i 152e737f-d5ac-3d42-b282-db11acc9f2a3
|t 0
|
| 952 |
f |
f |
|p ric
|a Texas A&M University
|b Rellis Campus
|c Joint Library Facility
|d Remote Storage
|t 0
|e GN780.22 G7 R5 1979
|h Library of Congress classification
|i unmediated -- volume
|m A14806443156
|
| 998 |
f |
f |
|a GN780.22 G7 R5 1979
|t 0
|l Remote Storage
|